000 00431nam a22001577a 4500
003 OSt
005 20260210104643.0
008 260210b |||||||| |||| 00| 0 eng d
040 _cMRSPTU
041 _aEnglish
100 _aGarima Paul, Supervisor: Dr. Rajesh Kumar
245 _aGreen Buildings in India
650 _aCivil Engineering
856 _uhttp://163.47.215.52:8080/jspui/handle/123456789/1098
942 _2ddc
_cTH
_n0
999 _c10878
_d10878